000 003340000a22001570004500
020 _a958-30-2273-X
082 0 4 _aB P1918e
110 1 _apanamericana
245 1 0 _aEscucha Mi Historia
260 _aChina
300 _a8 Pag
500 _aLibro en tela para bebes
505 0 0 _aHistoria de animales
001 1905
942 _cLGB
999 _c49058
_d49058